00371 a2200169 4500260001200000300001500012100002100027700002100048650001400069650001900083260001100102300000900113260000900122440004400131130000800175020001800183 bBlackie axiv-397 p. aMEISELMAN, H. L. aMacFIE, H. J. H. aNutrition aSens du goût aLondon bill. c1996 aFood choice, acceptance and consumption lEn. a0-7514-0192-7